000 003880000a22001450004500
001 004338
003 MACL
040 _aMACL
090 _c16331
_d16330
100 _aShastri, J.L.
245 _aAncient IndianTradition & Mythology Volume 22 Part 1
_bThe Brahmanda Purana Part 1
_cJ.L. Shastri
260 _aMotilal Banarsidass Publishers,
_c2002
650 _aReligion
942 _k295
_cBook
999 _c16229
_d16229